A dictionary of battles / (Record no. 185404)

000 -LEADER
fixed length control field 00622 a2200193 4500
003 - CONTROL NUMBER IDENTIFIER
control field NUST
005 - DATE AND TIME OF LATEST TRANSACTION
control field 20230127123007.0
010 ## - LIBRARY OF CONGRESS CONTROL NUMBER
LC control number 79398975
020 ## - INTERNATIONAL STANDARD BOOK NUMBER
International Standard Book Number 004900008X
040 ## - CATALOGING SOURCE
Transcribing agency Nust
082 00 - DEWEY DECIMAL CLASSIFICATION NUMBER
Classification number 904.7,EGG
100 1# - MAIN ENTRY--PERSONAL NAME
Personal name Eggenberger, David.
9 (RLIN) 48710
245 12 - TITLE STATEMENT
Title A dictionary of battles /
Statement of responsibility, etc. David Eggenberger
260 ## - PUBLICATION, DISTRIBUTION, ETC.
Place of publication, distribution, etc. London,
Name of publisher, distributor, etc. Allen & Unwin,
Date of publication, distribution, etc. 1967.
300 ## - PHYSICAL DESCRIPTION
Extent xi, 526 p.;
Other physical details maps (some col.), plans (some col.)
Dimensions 26 cm.
505 ## - FORMATTED CONTENTS NOTE
Formatted contents note A Dictionary of Battles (Page-1), Suggestions for Further Reading (Page-491), Index (Page-495).
650 #0 - SUBJECT ADDED ENTRY--TOPICAL TERM
Topical term or geographic name entry element Battles
General subdivision Dictionaries.
9 (RLIN) 48830
942 ## - ADDED ENTRY ELEMENTS (KOHA)
Source of classification or shelving scheme
Koha item type Book
Call number prefix 904.7,EGG
Holdings
Withdrawn status Lost status Source of classification or shelving scheme Damaged status Not for loan Permanent Location Current Location Shelving location Date acquired Full call number Barcode Date last seen Price effective from Koha item type Public note
          Military College of Signals (MCS) Military College of Signals (MCS) General Stacks 12/12/2016 904.7,EGG MCS5000 12/08/2016 12/12/2016 Book Almirah No.58, Shelf No.3
© 2023 Central Library, National University of Sciences and Technology. All Rights Reserved.